UČITELIA A AGRESÍVNE SPRÁVANIE ŽIAKOV ZÁKLADNÝCH A STREDNÝCH ŠKÔL

Bibliographic Details
Main Author: Emmerová, Ingrid, 1977- (Author)
Format: Article
Language:Slovak

MARC

LEADER 00000nab a2200000uu 4500
001 vtls010902840
003 SK-MaSNL
005 20260303142337.0
008 230222|2011 xo |||||||||||||||||slo|
015 |a SNBRB 
035 |a (urnnbn)urn:nbn:sk:snk:ar-a07pkp 
035 |a (uuid)a54e0587-027a-4ed5-bac8-bbbc852e477b 
035 |a urn:nbn:sk:snk-ab8u0e 
040 |a SNKBUCL  |b slo  |c SNKBUCL  |e AACR2 
041 0 |a slo 
044 |a xo  |c SK 
100 1 |a Emmerová, Ingrid,  |d 1977-  |4 aut  |9 23145 
245 1 0 |a UČITELIA A AGRESÍVNE SPRÁVANIE ŽIAKOV ZÁKLADNÝCH A STREDNÝCH ŠKÔL  |c Ingrid Emmerová 
773 0 |t Prevencia : informačný bulletin zameraný na prevenciu sociálno-patologických javov v rezorte školstva  |g Roč. 10, č. 1 (2011), s. 15-20 
954 |a odborná, vedecká literatúra pôvodná (slovenská)  |2 lita 
958 |a OND 
958 |a EUIPO 
958 |a article10 
999 |c 1982174  |d 1984104